000 00797nam a2200241 a 4500
001 37394
003 BD-RjUL
005 20211209052614.0
008 160718s1937 enkb b 001 0 eng d
035 _a(BD-RjUL) 37498
040 _aNUN
_beng
_cNUN
_dNUNE
_dVJTL
_dBD-RjUL
041 _aeng
082 0 4 _221
_a940
_bEUR 1937
245 0 0 _aEuropean civilization :
_bits origin and development /
_cby various contributors, under the direction of Edward Eyre.
260 _aLondon :
_bOxford University Press,
_c1937.
300 _a Vol :
_bill. ;
_c23 cm.
500 _aIncludes index.
505 0 _aV . 5.-- Economic history of Europe since the Reformation.
651 0 _aEurope
_xCivilization.
_9114721
651 0 _aEurope
_xHistory.
_9114722
700 1 _aEyre, Edward.
_9114723
942 _2ddc
_cBK
999 _c37394
_d37394